Pions du Monopoly français - Statistiques

Statistiques générales
  • Ce quiz a été pris 7 175 fois
  • Le résultat moyen est 7 sur 18
Statistiques - réponses
Année Pion % Correct
1942- Terrier Écossais
91%
1937- Voiture de Course
88%
1937- Chapeau Haut-de-Forme
80%
1937-2017 Dé à Coudre
61%
2013- Chat
58%
1937- Cuirassé
56%
1937-2017 Chaussure
51%
1942-2000 Cavalier et son Cheval
30%
1937-1942 Cheval à Bascule
29%
1937-2013 Fer à repasser
27%
1942-2017 Brouette
23%
2017- Canard en Plastique
15%
1999-2007 Sac de Billets
15%
2017- Pingouin
14%
1937-1942 Sac à Main
11%
1937-2000 Canon
10%
2017- T-Rex
10%
1937-1942 Lanterne
7%
Aucun quiz correspondant
Distribution des résultats
% des personnes avec chaque résultat
Percentile par nombre de réponses
Votre historique - résultats
Vous n’avez pas pris ce quiz